|
|
|
|
| LEADER |
01005nam a22003012a 4500 |
| 001 |
001123336 |
| 003 |
CZ BrMZK |
| 005 |
20110518151408.0 |
| 007 |
ta |
| 008 |
101021s1981 xo er|||||||||||slo d |
| 040 |
|
|
|a BOD001
|b cze
|d BOA001
|
| 080 |
9 |
|
|a 886.7
|
| 100 |
1 |
|
|a Mutafčieva, Vera Petrova,
|d 1929-2009
|7 xx0003204
|4 aut
|
| 245 |
1 |
0 |
|a Sedma vo dvojici /
|c Vera Mutafčievová ; z bulharského originálu preložil a medailón o autorovi napísal Jaroslav Marušiak
|
| 250 |
|
|
|a Vyd. 1.
|
| 260 |
|
|
|a Bratislava :
|b Smena,
|c 1981
|
| 300 |
|
|
|a 152 s.
|
| 490 |
1 |
|
|a Eva ;
|v zv. 73
|
| 500 |
|
|
|a Přeloženo z bulharštiny
|
| 650 |
0 |
7 |
|a bulharská literatura
|7 ph119024
|2 czenas
|
| 655 |
|
4 |
|a beletrie
|
| 700 |
1 |
|
|a Marušiak, Jaroslav,
|d 1938-
|7 xx0081782
|4 trl
|
| 765 |
0 |
|
|t Belot na dve răce
|9 Slovensky
|
| 830 |
|
0 |
|a Eva (Smena)
|0 s
|
| 910 |
|
|
|a BOA001
|b 2-0840.901
|
| 990 |
|
|
|a BK
|
| 991 |
|
|
|b 201010
|
| 996 |
7 |
|
|b 2619393539
|c 2-0840.901
|l MZK
|r Sklad / do 1 hodiny
|n 2
|w 001151870
|u 000010
|a 1
|e BOA001
|j MZK50
|s A
|